Opening scene : (Record no. 4584)

MARC details
000 -LEADER
fixed length control field 00614 a2200181 4500
010 ## - LCCN (DPL NO)
LC control number ENG-86459
020 ## - INTERNATIONAL STANDARD BOOK NUMBER
International Standard Book Number 0143099663
Terms of availability 200.00
035 ## - SYSTEM CONTROL NUMBER
System control number EN-69992
037 ## - SOURCE OF ACQUISITION
Source of stock number/acquisition DBAD / PUB
082 14 - DEWEY DECIMAL CLASSIFICATION NUMBER
Classification number 921
100 1# - MAIN ENTRY--PERSONAL NAME
Personal name Rangacharya, Adya
245 1# - TITLE STATEMENT
Title Opening scene :
Remainder of title early memories of a dramatist and a play /
Statement of responsibility, etc by Adya Rangacharya ; translated by Shashi Deshpande
260 ## - PUBLICATION, DISTRIBUTION, ETC. (IMPRINT)
Place of publication, distribution, etc New Delhi
Name of publisher, distributor, etc Penguin Books
Date of publication, distribution, etc 2006
270 ## - ADDRESS
Address 11, Community Centre, Panchsheel Park
City New Delhi
State or province West Bengal
Postal code 110 017
300 ## - PHYSICAL DESCRIPTION
Extent 185 p.
Dimensions 20cm (Pbk)
700 ## - ADDED ENTRY--PERSONAL NAME
Personal name Deshpande, Shashi
942 ## - ADDED ENTRY ELEMENTS (KOHA)
Institution code [OBSOLETE] dpl
Item type English Books
Source of classification or shelving scheme Dewey Decimal Classification
Classification part 921
Call number suffix RAN
Holdings
Withdrawn status Lost status Not for loan Collection code Home library Current library Source of acquisition Cost, normal purchase price Full call number Barcode Copy number Cost, replacement price Koha item type
    Not For Loan Non-fiction D.B.Act.Division D.B.Act.Division DBAD/PUB 200.00 921 RAN EN-69992 1 200.00 English Books

© Delhi Public Library
Hit Counter
free hit counter